000 00319nam a22001457a 4500
003 SGT
020 _a9781543344080
082 _a615.1
_bN20M
100 _aMEHETRE, GAUTAM.D
245 _aNOVEL DRUG DELIVERY SYSTEMS
260 _aPUNJAB
_bS.VIKASH
_c2020
300 _a284
650 _aPHARMACY
942 _2ddc
_cBK
_025
999 _c22955
_d22955